Statistiques concernant Culture Générale - Série 1942

Cliquez ici pour prendre le quiz!

Statistiques générales

  • Ce quiz a été pris 80 fois
  • Le résultat moyen est 4 sur 10

Statistiques - réponses

QuestionRéponse% Correct
Dans la mythologie egyptienne, quelle était la femme et soeur d'Osiris ?Isis
95%
Dans quel pays européen se trouve la région appelée "Emilie" ?Italie
63%
Dans quel pays se trouve l'île de Gorée ? voir photoSénégal
53%
Quelle est la capitale de la Géorgie - état des Etats Unis ?Atlanta
44%
Dans une imprimante comment appelle-t-on la cartouche de couleur bleue ?cyan
40%
Quelle sorte d'arme est la"rifle" ?carabine
32%
52 aresacre
18%
Le "besant" est une ancienne monnaie d'or de .... (ancienne cité grecque)Byzance
11%
Quel canard sauvage est l'homonyme d'une ville du Val d'Oise ?sarcelle
8%
Danseuse du corps de ballet, de rang supérieur au rattigre
0%

Distribution des résultats

Percentile par nombre de réponses

% des personnes avec chaque résultat

Votre développement - résultats

Vous n’avez pas pris ce quiz